|
|
|
|
| LEADER |
01311nam a2200361Ia 4500 |
| 001 |
EBC3117788 |
| 003 |
MiAaPQ |
| 005 |
20200520144314.0 |
| 006 |
m o d | |
| 007 |
cr cn||||||||| |
| 008 |
910516r20001893onc s 000 0 eng d |
| 020 |
|
|
|z 1552730085
|
| 035 |
|
|
|a (MiAaPQ)EBC3117788
|
| 035 |
|
|
|a (Au-PeEL)EBL3117788
|
| 035 |
|
|
|a (CaPaEBR)ebr5004321
|
| 035 |
|
|
|a (OCoLC)927515886
|
| 040 |
|
|
|a MiAaPQ
|c MiAaPQ
|d MiAaPQ
|
| 041 |
1 |
|
|a eng
|h ger
|
| 050 |
|
4 |
|a HB201
|b .W65 2000
|
| 100 |
1 |
|
|a Wieser, Friedrich,
|c Freiherr von,
|d 1851-1926.
|
| 240 |
1 |
0 |
|a Naturliche Werth.
|l English
|
| 245 |
1 |
0 |
|a Natural value
|h [electronic resource] /
|c Friedrich von Wieser; translated by Christian A. Malloch.
|
| 260 |
|
|
|a Kitchener, Ont. :
|b Batoche,
|c 2000.
|
| 300 |
|
|
|a 222 p.
|
| 500 |
|
|
|a Translation of: Der naturliche Werth.
|
| 500 |
|
|
|a Reprint. Originally published : London : Macmillan, 1893.
|
| 533 |
|
|
|a Electronic reproduction. Ann Arbor, MI : ProQuest, 2015. Available via World Wide Web. Access may be limited to ProQuest affiliated libraries.
|
| 650 |
|
0 |
|a Value.
|
| 650 |
|
0 |
|a Economics.
|
| 655 |
|
4 |
|a Electronic books.
|
| 700 |
1 |
|
|a Malloch, Christian.
|
| 710 |
2 |
|
|a ProQuest (Firm)
|
| 856 |
4 |
0 |
|u https://ebookcentral.proquest.com/lib/matrademy/detail.action?docID=3117788
|z Click to View
|